000 00356nam a22001577a 4500
003 MPLRDC
005 20220104124207.0
008 210129b ||||| |||| 00| 0 eng d
082 _a880 GEJ-3
100 _a高尔基
245 _a老板
_c
260 _a
_b人民文教出版社
_c
300 _b
650 _a俄国文学
942 _cBK
_o880 GEJ-3
999 _c17384
_d17374